Modernidad económica y atraso social: los dilemas de la experiencia chilena, 1960-2003: ¿El definitivo despegue o una nueva frustación? /
Saved in:
| Main Author: | |
|---|---|
| Format: | Text |
| Tags: |
Add Tag
No Tags, Be the first to tag this record!
|
MARC
| LEADER | 00000 a a2200000 04500 | ||
|---|---|---|---|
| 001 | 8998 | ||
| 003 | |||
| 040 | |||
| 100 | |a Cavieres F, Eduardo | ||
| 245 | |a Modernidad económica y atraso social: |b los dilemas de la experiencia chilena, 1960-2003: ¿El definitivo despegue o una nueva frustación? / |c Eduardo Cavieres F | ||
| 773 | |g número 193; páginas 77-87 | ||
| 999 | |c 21830 |d 21830 | ||
